Návrh modulárneho zavlažovacieho systému pre interiérové a exteriérové rastliny
Saved in:
| Main Author: | |
|---|---|
| Other Authors: | |
| Format: | Manuscript Book |
| Language: | Slovak |
| Published: |
Bratislava :
STU v Bratislave FEI,
2021
|
| Subjects: | |
| Online Access: | https://opac.crzp.sk/?fn=detailBiblioForm&sid=4BD9478A3A7038F6072736AC8853&seo=CRZP-detail-kniha |
| Tags: |
No Tags, Be the first to tag this record!
|
MARC
| LEADER | 00000ntm a22000003a 4500 | ||
|---|---|---|---|
| 001 | stuzp81801 | ||
| 003 | SK-STU | ||
| 005 | 20211118132102.1 | ||
| 007 | ta | ||
| 008 | 150427s2015----xo-----f-mn---000-0-slo-d | ||
| 040 | |a STU |b slo | ||
| 041 | 0 | |a slo | |
| 044 | |a xo | ||
| 100 | 1 | |a Zharin, Valentyn |u 033000 |4 aut |U FEI Fakulta elektrotechniky a informatiky |T FEI Ústav elektroniky a fotoniky |X 105684 |U E030 |Y 549 |7 105684 | |
| 242 | 0 | 1 | |a Design of modular irrigation system for indoor and outdoor plants |y eng |
| 245 | 1 | 0 | |a Návrh modulárneho zavlažovacieho systému pre interiérové a exteriérové rastliny |
| 260 | |a Bratislava : |b STU v Bratislave FEI, |c 2021 | ||
| 300 | |a 62 s., príl. | ||
| 650 | 4 | |a automatizácia |2 slo | |
| 650 | 4 | |a zavlažovanie |2 slo | |
| 650 | 4 | |a mikrokontroler |2 slo | |
| 650 | 4 | |a plant irrigation |2 eng | |
| 650 | 4 | |a automation |2 eng | |
| 650 | 4 | |a microcontroller |2 eng | |
| 700 | 1 | |a Jagelka, Martin |u 033000 |k Z2 |4 ths |U FEI Fakulta elektrotechniky a informatiky |T FEI Ústav elektroniky a fotoniky |X 8041 |U E030 |Y 549 |7 A000008041 | |
| 856 | 4 | |u https://opac.crzp.sk/?fn=detailBiblioForm&sid=4BD9478A3A7038F6072736AC8853&seo=CRZP-detail-kniha | |